| 000 | 00703nam a2200193Ia 4500 | ||
|---|---|---|---|
| 001 | 74686 | ||
| 003 | 149407 | ||
| 005 | 20241211063737.0 | ||
| 008 | ||||||n9999 ||| || || | ||
| 245 | 0 |
_aLa política social del estado frente a la pequeña minería _bdisyuntivas para la gerencia social en la construcción de una política de paz para este sector |
|
| 562 | _e1 | ||
| 650 | 0 |
_aAnálisis de políticas _93949 |
|
| 650 | 0 |
_aConflicto armado _910156 |
|
| 650 |
_aESPECIALIZACIÓN EN GERENCIA SOCIAL--TESIS Y DISERTACIONES ACADÉMICAS _924038 |
||
| 650 | 0 |
_aPolítica social _92798 |
|
| 650 |
_aSECTOR MINERO _923750 |
||
| 650 |
_aTESIS Y DISERTACIONES ACADÉMICAS _996368 |
||
| 942 | _cTESIS | ||
| 999 |
_c74686 _d74686 |
||